Natural Environment Research Council (Record no. 119515)
[ view plain ]
| 000 -LEADER | |
|---|---|
| fixed length control field | 00731cam a2200181 4500 |
| 001 - CONTROL NUMBER | |
| control field | WS106778 |
| 008 - FIXED-LENGTH DATA ELEMENTS--GENERAL INFORMATION | |
| fixed length control field | 000000n 000 0 eng u |
| 035 ## - SYSTEM CONTROL NUMBER | |
| System control number | (Sirsi) u106778 |
| 110 ## - MAIN ENTRY--CORPORATE NAME | |
| Corporate name or jurisdiction name as entry element | Natural Environment Research Council |
| 9 (RLIN) | 1024 |
| 245 ## - TITLE STATEMENT | |
| Title | Natural Environment Research Council |
| 520 ## - SUMMARY, ETC. | |
| Summary, etc. | Web site for this research council which specialises in research, survey. monitoring and training in the environmental sciences. Includes links to the catalogues of the NERC Data Centres. |
| 650 ## - SUBJECT ADDED ENTRY--TOPICAL TERM | |
| Topical term or geographic name entry element | RESEARCH |
| 650 ## - SUBJECT ADDED ENTRY--TOPICAL TERM | |
| Topical term or geographic name entry element | SUSTAINABLE DEVELOPMENT |
| 650 ## - SUBJECT ADDED ENTRY--TOPICAL TERM | |
| Topical term or geographic name entry element | BIODIVERSITY |
| 690 ## - LOCAL SUBJECT ADDED ENTRY--TOPICAL TERM (OCLC, RLIN) | |
| Topical term or geographic name as entry element | ENVIRONMENTAL AND LAND CONSULTANCY |
| 856 40 - ELECTRONIC LOCATION AND ACCESS | |
| Uniform Resource Identifier | <a href="https://www.nerc.ac.uk">https://www.nerc.ac.uk</a> |
| Public note | View the website free of charge at www.nerc.ac.uk... |
| 942 ## - ADDED ENTRY ELEMENTS (KOHA) | |
| Suppress in OPAC | 0 |
| Withdrawn status | Lost status | Source of classification or shelving scheme | Damaged status | Not for loan | Home library | Current library | Shelving location | Date acquired | Total Checkouts | Full call number | Barcode | Date last seen | Copy number | Price effective from | Koha item type |
|---|---|---|---|---|---|---|---|---|---|---|---|---|---|---|---|
| Dewey Decimal Classification | Virtual | Virtual | Online | 27/06/2000 | WEB SITE | 106778-2001 | 06/08/2019 | 1 | 06/08/2019 | Online material |